| 000 | 00748nam a2200193 a 4500 | ||
|---|---|---|---|
| 001 | 1527 | ||
| 005 | 20140414131901.0 | ||
| 008 | 001118s19uu xx 00 eng d | ||
| 050 |
_aFIC _bD77 1986 |
||
| 100 | _aDoyle, A. Conan | ||
| 245 |
_aThe adventures of Sherlock Holmes / _cA. Conan Doyle ; adapted by Malvina G. Vogel; illustrated by Brendan Lynch. |
||
| 260 |
_aNew York : _bBaronet Books, _c1985. |
||
| 300 | _a238 p. : ill. ; cm. | ||
| 440 | _aGreat illustrated classics | ||
| 520 | _aIncludes three Sherlock Holmes mystery adventures: "The Red-headed League," "The Adventure of the Speckled Band," and "The Adventure of the Copper Beeches." | ||
| 650 | _aMystery and detetive stories. | ||
| 650 | _aShort stories. | ||
| 999 |
_c110667 _d110667 |
||